[Event "Dieren op"]
[Site "Dieren"]
[Date "1990.??.??"]
[Round "2"]
[White "De Boer, Gert Jan"]
[Black "Kirov, Nino"]
[Result "1/2-1/2"]
[WhiteElo "2400"]
[BlackElo "2475"]
[PlyCount "97"]
[EventDate "1990.07.??"]
[Source "ChessBase"]

1. d4 d5 2. c4 c6 3. Nf3 Nf6 4. Nc3 dxc4 5. e3 Be6 6. a4 g6 7. e4 h6 8. Ne5 Bg7 9. a5 Nbd7 10. f4 Nxe5 11. fxe5 Nd7 12. Bf4 O-O 13. Qd2 Kh7 14. Be2 b5 15. O-O a6 16. g4 Qc7 17. d5 Nc5 18. dxe6 Rad8 19. Qe3 Nxe6 20. Qb6 Qc8 21. Bg3 Rd2 22. Rab1 Nd4 23. Bd1 Qe6 24. Qc5 Rd8 25. Rf2 Rd3 26. Kg2 Kg8 27. Ne2 Nb3 28. Bxb3 Rxb3 29. h3 Rdd3 30. Rbf1 h5 31. Rxf7 hxg4 32. h4 Qxf7 33. Rxf7 Kxf7 34. e6+ Kxe6 35. Nf4+ Kf7 36. Nxd3 cxd3 37. Qxc6 Rxb2+ 38. Bf2 Be5 39. Qd5+ Kf6 40. Kg1 d2 41. Qd3 Ra2 42. Bd4 Bxd4+ 43. Qxd4+ Kf7 44. Qd5+ Kg7 45. Qd4+ Kh7 46. Qd7 Ra1+ 47. Kg2 d1=Q 48. Qxe7+ Kg8 49. Qe8+ 1/2-1/2

[Event "Testa GM"]
[Site "Griesheim"]
[Date "2004.01.27"]
[Round "8"]
[White "Kunin, Vitaly"]
[Black "Murdzia, Piotr"]
[Result "1/2-1/2"]
[WhiteElo "2425"]
[BlackElo "2445"]
[PlyCount "57"]
[EventDate "2004.01.20"]
[Source "Roberto Alvarez"]
[SourceDate "2004.02.09"]

1. d4 d5 2. c4 dxc4 3. Nf3 Nf6 4. e3 a6 5. Bxc4 b5 6. Bb3 Bb7 7. a4 Nbd7 8. Nbd2 e6 9. Qe2 Qb8 10. e4 c5 11. O-O cxd4 12. axb5 d3 13. Qxd3 axb5 14. Rxa8 Bxa8 15. Bc2 Bd6 16. b3 O-O 17. Bb2 Rc8 18. Bb1 e5 19. Rd1 Re8 20. Nh4 g6 21. Qe2 Bc6 22. Nhf3 Bf8 23. Ne1 Nc5 24. Rc1 Qb7 25. f3 Nfd7 26. Nd3 Nxd3 27. Bxd3 Nc5 28. Bb1 f6 29. Kh1 1/2-1/2

[Event "New Delhi"]
[Site "Delhi"]
[Date "1984.??.??"]
[Round "?"]
[White "Ravisekhar, Raja"]
[Black "Barua, Dibyendu"]
[Result "1/2-1/2"]
[WhiteElo "2400"]
[BlackElo "2460"]
[PlyCount "29"]
[EventDate "1984.??.??"]
[Source "ChessBase"]

1. d4 d5 2. Nf3 Nf6 3. c4 dxc4 4. e3 a6 5. Bxc4 b5 6. Bd3 e6 7. O-O Bb7 8. Qe2 Nbd7 9. Rd1 c5 10. dxc5 Bxc5 11. a3 Qc7 12. b4 Bd6 13. Bb2 O-O 14. Nbd2 Rac8 15. Rac1 1/2-1/2

[Event "LXXI Campionato bulgaro"]
[Site "Pernik BUL"]
[Date "2007.03.12"]
[Round "3.1"]
[White "Nikolov, Momchil"]
[Black "Drenchev, Petar"]
[Result "1/2-1/2"]
[WhiteElo "2425"]
[BlackElo "2430"]
[PlyCount "27"]
[EventDate "2007.03.10"]
[Source "www.chesslib.no"]
[SourceDate "2004.05.04"]

1. d4 d5 2. Nf3 Nf6 3. c4 c6 4. Nc3 dxc4 5. e3 Be6 6. Ne5 g6 7. Nxc4 Bg7 8. Be2 O-O 9. O-O Nbd7 10. b4 Nd5 11. Nxd5 Bxd5 12. Bb2 Qc7 13. Qc2 e5 14. dxe5 1/2-1/2

[Event "22. SEA Games Team Standard"]
[Site "?"]
[Date "2003.12.07"]
[Round "3"]
[White "Chan Nicholas"]
[Black "Adianto Utut"]
[Result "1-0"]
[WhiteElo "2274"]
[BlackElo "2581"]
[PlyCount "101"]
[EventDate "2003.??.??"]
[Source "www.chesslib.no"]
[SourceDate "2004.05.04"]

1. d4 Nf6 2. Nf3 d5 3. c4 dxc4 4. e3 a6 5. Bxc4 b5 6. Bb3 Bb7 7. O-O e6 8. a4 b4 9. Nbd2 c5 10. Qe2 Nbd7 11. Rd1 Be7 12. a5 O-O 13. Nc4 Qc7 14. Bd2 cxd4 15. exd4 Bd5 16. Qd3 Qb7 17. Nce5 Rfd8 18. Bg5 h6 19. Bf4 Nxe5 20. dxe5 Bxb3 21. Qxb3 Nd5 22. Be3 Rac8 23. Rdc1 Rxc1+ 24. Rxc1 Rc8 25. Rxc8+ Qxc8 26. h3 Qd8 27. Nd4 Qxa5 28. Nc6 Qa1+ 29. Kh2 Bf8 30. Bd4 Qc1 31. Qa4 Qf4+ 32. g3 Qf3 33. Qxa6 h5 34. Qa8 h4 35. Ne7+ Kh7 36. Qxf8 hxg3+ 37. fxg3 Nxe7 38. Qxe7 Qe2+ 39. Kh1 Qe4+ 40. Kh2 Qxd4 41. b3 Qf2+ 42. Kh1 Qf3+ 43. Kh2 Qe2+ 44. Kh1 Qxe5 45. Qh4+ Kg6 46. Qg4+ Qg5 47. Qxb4 Qxg3 48. Qe4+ Kh6 49. b4 Qxh3+ 50. Kg1 g5 51. Qh1 1-0

[Event "Testa GM"]
[Site "Griesheim"]
[Date "2004.01.24"]
[Round "5"]
[White "Murdzia, Piotr"]
[Black "Grabarczyk, Bogdan"]
[Result "0-1"]
[WhiteElo "2445"]
[BlackElo "2402"]
[PlyCount "156"]
[EventDate "2004.01.20"]
[Source "Roberto Alvarez"]
[SourceDate "2004.02.09"]

1. d4 d5 2. c4 dxc4 3. Nf3 Nf6 4. e3 a6 5. Bxc4 b5 6. Bd3 Bb7 7. a4 b4 8. Nbd2 Nbd7 9. O-O c5 10. e4 cxd4 11. e5 Nc5 12. Qe2 Nd5 13. Ne4 Nxd3 14. Qxd3 e6 15. Bg5 Qd7 16. Nfd2 h6 17. Bh4 Nf4 18. Qf3 Ng6 19. Bg3 Rc8 20. Rac1 Rxc1 21. Rxc1 Be7 22. h4 O-O 23. h5 Bg5 24. Rd1 Bxd2 25. Rxd2 Ne7 26. Nc5 Bxf3 27. Nxd7 Rd8 28. Rxd4 Nc6 29. Rd6 Bd5 30. f3 b3 31. Be1 Re8 32. Bc3 Ne7 33. Nb6 Bc6 34. Kf2 Rb8 35. a5 Bb5 36. g4 g6 37. hxg6 Nxg6 38. Ke3 h5 39. gxh5 Ne7 40. Kf2 Kg7 41. Rd4 Rh8 42. Rg4+ Kh7 43. Rb4 Kg7 44. Rg4+ Kh7 45. Bd2 Nf5 46. Bg5 Rb8 47. Rb4 Ng7 48. Rxb3 Nxh5 49. Be3 Be8 50. Rd3 Ng7 51. Bg5 Bb5 52. Rd1 Nf5 53. Rh1+ Kg7 54. Rg1 Kh7 55. Rh1+ Kg6 56. Rg1 Kh7 57. Bf6 Rb7 58. Rh1+ Kg6 59. Rg1+ Kh7 60. Rc1 Rb8 61. b3 Kg6 62. Rg1+ Kh7 63. b4 Rb7 64. Rc1 Rb8 65. Nc8 Bd3 66. Rc3 Bb5 67. Nd6 Kg6 68. Rc1 Bd3 69. Rg1+ Kh7 70. b5 Nxd6 71. exd6 Bxb5 72. Rb1 Kg6 73. Be7 Rb7 74. Rg1+ Kh7 75. Ke3 Bc6 76. Rc1 Rb3+ 77. Kd4 Bb5 78. Rc3 e5+ 0-1

[Event "Karpov GM"]
[Site "Singapore"]
[Date "1997.12.16"]
[Round "3"]
[White "Wu Shaobin"]
[Black "Ardiansyah, Haji"]
[Result "1-0"]
[WhiteElo "2430"]
[BlackElo "2415"]
[PlyCount "73"]
[EventDate "1997.??.??"]
[Source "www.chesslib.no"]
[SourceDate "2004.05.04"]

1. d4 d5 2. Nf3 Nf6 3. c4 dxc4 4. e3 a6 5. Bxc4 b5 6. Bb3 e6 7. a4 b4 8. O-O Bb7 9. Nbd2 Nbd7 10. e4 Be7 11. e5 Nd5 12. Ne4 h6 13. Nfd2 a5 14. Re1 O-O 15. Qg4 Kh8 16. Nf3 f5 17. exf6 N5xf6 18. Nxf6 Nxf6 19. Qxe6 Bxf3 20. Qxe7 Qxd4 21. gxf3 Rae8 22. Be3 Qd3 23. Qxc7 Qxb3 24. Qxa5 Nd5 25. Qc5 Rxf3 26. Bd4 Rd8 27. Qc6 Kh7 28. Qb7 Nf6 29. Re3 Rxe3 30. Bxf6 Rd1+ 31. Kg2 Qd5+ 32. Qxd5 Rxd5 33. fxe3 gxf6 34. a5 Kg6 35. a6 Rd8 36. a7 Ra8 37. Ra5 1-0

[Event "Miskolc Avas op 7th"]
[Site "?"]
[Date "2002.07.25"]
[Round "3"]
[White "Popovics Adam"]
[Black "Varga Peter"]
[Result "1/2-1/2"]
[WhiteElo "2351"]
[BlackElo "2490"]
[PlyCount "89"]
[EventDate "2002.??.??"]
[Source "www.chesslib.no"]
[SourceDate "2004.05.04"]

1. d4 d5 2. c4 c6 3. Nc3 dxc4 4. e3 Be6 5. Nf3 Nf6 6. a4 Bd5 7. Nd2 g6 8. e4 Be6 9. Nxc4 Bg7 10. Be2 O-O 11. Be3 Qc8 12. f3 Rd8 13. Qd2 Bxc4 14. Bxc4 e5 15. d5 cxd5 16. Nxd5 Rd7 17. O-O Nc6 18. Rfd1 Nxd5 19. Bxd5 Nd4 20. Rac1 Qf8 21. Qf2 Rad8 22. f4 b6 23. Rf1 Nf5 24. fxe5 Bxe5 25. b3 Qd6 26. g3 Nxe3 27. Qxe3 Kg7 28. Kg2 h5 29. Qf3 f6 30. Rc6 Qf8 31. g4 hxg4 32. Qxg4 Qh8 33. h4 Qh6 34. Rf2 Re7 35. Re6 Rc7 36. Bc4 Rd2 37. Re8 Rxf2+ 38. Kxf2 Qd2+ 39. Kf1 Qc1+ 40. Kg2 Qd2+ 41. Kf1 Qf4+ 42. Qxf4 Bxf4 43. Kg2 Rd7 44. Kf3 Be5 45. Bd5 1/2-1/2

[Event "Bray IRL"]
[Site "?"]
[Date "2006.06.18"]
[Round "?"]
[White "Daly Colm"]
[Black "Velicka Petr"]
[Result "1-0"]
[WhiteElo "2380"]
[BlackElo "2456"]
[PlyCount "63"]
[EventDate "2006.??.??"]
[Source "www.chesslib.no"]
[SourceDate "2004.05.04"]

1. Nf3 d5 2. d4 Nf6 3. c4 dxc4 4. e3 c5 5. Bxc4 a6 6. O-O Nc6 7. dxc5 Qxd1 8. Rxd1 Bg4 9. Nc3 e6 10. Na4 Nd7 11. Rxd7 Kxd7 12. Nb6+ Kd8 13. Nxa8 Bxf3 14. gxf3 Bxc5 15. b4 Ba7 16. Bb2 Kc8 17. Rd1 Rd8 18. Rxd8+ Nxd8 19. Bxg7 Kb8 20. Bf6 Nc6 21. a3 Kxa8 22. Bd3 h5 23. f4 Bb6 24. Be2 Bd8 25. Bxd8 Nxd8 26. Bxh5 Kb8 27. Kf1 Kc7 28. Ke2 Kd6 29. Kd3 f5 30. Bf3 b6 31. h4 Nf7 32. h5 1-0

[Event "Mendrisio Open"]
[Site "Mendrisio SUI"]
[Date "1986.??.??"]
[Round "?"]
[White "Mantovani, Renzo"]
[Black "Hort, Vlastimil"]
[Result "0-1"]
[WhiteElo "2285"]
[BlackElo "2545"]
[PlyCount "90"]
[EventDate "1986.??.??"]
[Source "www.chesslib.no"]
[SourceDate "2004.05.04"]

1. Nf3 d5 2. d4 Nf6 3. c4 dxc4 4. e3 a6 5. Bxc4 b5 6. Bd3 Bb7 7. O-O Nbd7 8. Qe2 c5 9. Rd1 Qb6 10. a4 c4 11. Bc2 e6 12. axb5 axb5 13. Rxa8+ Bxa8 14. b3 cxb3 15. Bxb3 Be7 16. Bb2 O-O 17. Rc1 Bb7 18. Nbd2 Rc8 19. Rxc8+ Bxc8 20. Qd3 Ba6 21. Ne5 b4 22. Nxd7 Nxd7 23. Qc2 Bb7 24. Nc4 Qc7 25. f3 Ba6 26. e4 Bf6 27. Ne5 Qxc2 28. Bxc2 Nxe5 29. dxe5 Be7 30. Bd4 Bc4 31. Kf2 b3 32. Bb1 Ba3 33. Ke1 Bb4+ 34. Kd1 g5 35. Be3 h6 36. Bd2 Bc5 37. g4 Bg1 38. h3 Bh2 39. Bc3 Kg7 40. Ke1 Bf4 41. Kf2 Kg6 42. Bd4 h5 43. gxh5+ Kxh5 44. Kg2 Bc1 45. Kf2 Kh4 0-1

[Event "Oslo CI"]
[Site "Oslo"]
[Date "1973.??.??"]
[Round "11"]
[White "Kristiansen, Erling"]
[Black "Johannessen, Svein"]
[Result "1-0"]
[WhiteElo "2405"]
[BlackElo "2425"]
[PlyCount "67"]
[EventDate "1973.??.??"]
[Source "ChessBase"]

1. d4 d5 2. c4 dxc4 3. Nf3 Nf6 4. e3 a6 5. Bxc4 b5 6. Bd3 Bb7 7. b4 e6 8. a3 Nbd7 9. Bb2 Bd6 10. O-O Qe7 11. Ne5 O-O 12. Nd2 a5 13. bxa5 c5 14. Bxb5 Rxa5 15. a4 cxd4 16. Nxd7 Nxd7 17. Nc4 Rxb5 18. axb5 Bb8 19. Qxd4 Qg5 20. f3 Nf6 21. Ne5 Nd5 22. Rfe1 Bc7 23. Qg4 Qh6 24. f4 Bb6 25. Nc4 Bc5 26. Ba3 Bxa3 27. Rxa3 e5 28. Qd7 Nb6 29. Qxb7 Nxc4 30. Ra8 g6 31. Rc1 Nd6 32. Rxf8+ Qxf8 33. Qd7 exf4 34. Rc6 1-0

[Event "Deutschland"]
[Site "?"]
[Date "2005.03.13"]
[Round "8.2"]
[White "Roese Oliver"]
[Black "Murdzia Piotr"]
[Result "1-0"]
[WhiteElo "2371"]
[BlackElo "2454"]
[PlyCount "112"]
[EventDate "2005.??.??"]
[Source "www.chesslib.no"]
[SourceDate "2004.05.04"]

1. Nf3 d5 2. d4 Nf6 3. c4 dxc4 4. e3 a6 5. Bxc4 b5 6. Bd3 Bb7 7. a4 b4 8. Qe2 e6 9. Nbd2 c5 10. dxc5 Bxc5 11. Nb3 Nbd7 12. e4 Bd6 13. Bg5 h6 14. Bh4 O-O 15. O-O a5 16. Rac1 Qb8 17. Bg3 Bxg3 18. hxg3 Rd8 19. Nfd2 Ne5 20. Bb5 Qd6 21. Nc4 Nxc4 22. Rxc4 Nxe4 23. Rxe4 Qd5 24. f3 Qxb3 25. Bc4 Qxa4 26. Bb5 Qa2 27. Bc4 Qa4 28. Bb5 Qa2 29. Bc4 Bxe4 30. Bxa2 Bd3 31. Qe1 Bxf1 32. Kxf1 Rac8 33. Bb3 Rd3 34. Ba4 Rcd8 35. Qe5 R3d5 36. Qc7 g6 37. g4 Kf8 38. Bb3 R8d7 39. Qc6 R7d6 40. Bxd5 Rxd5 41. Ke2 h5 42. gxh5 gxh5 43. Qc7 Kg7 44. Qg3+ Kf8 45. Qh4 Kg7 46. Ke3 Kg6 47. Qe7 Kg7 48. Ke4 Kg8 49. Kf4 Kg7 50. Kg3 Kg6 51. Kh4 Kg7 52. g4 hxg4 53. Kxg4 Re5 54. Qd8 Rd5 55. Qb8 Rc5 56. f4 Rd5 1-0

[Event "LXIV Campionato polacco"]
[Site "Opole POL"]
[Date "2007.02.18"]
[Round "9"]
[White "Bobula, M."]
[Black "Grabarczyk, M."]
[Result "1/2-1/2"]
[WhiteElo "2359"]
[BlackElo "2461"]
[PlyCount "39"]
[EventDate "2007.02.09"]
[Source "www.chesslib.no"]
[SourceDate "2004.05.04"]

1. d4 d5 2. c4 dxc4 3. Nf3 Nf6 4. e3 a6 5. Bxc4 b5 6. Bd3 Bb7 7. a4 b4 8. Nbd2 Nbd7 9. Qe2 e6 10. O-O c5 11. Nc4 Be7 12. Rd1 cxd4 13. exd4 a5 14. Bg5 O-O 15. Nfe5 Re8 16. Rac1 Rc8 17. Nxd7 Nxd7 18. Bxe7 Rxe7 19. Qh5 f5 20. Qe2 1/2-1/2

[Event "Dreszer Memorial"]
[Site "Gdynia POL"]
[Date "1986.??.??"]
[Round "6"]
[White "Cichocki, Adam"]
[Black "Xu Jun"]
[Result "1/2-1/2"]
[WhiteElo "2380"]
[BlackElo "2440"]
[PlyCount "116"]
[EventDate "1986.??.??"]
[Source "www.chesslib.no"]
[SourceDate "2004.05.04"]

1. d4 Nf6 2. Nf3 d5 3. c4 dxc4 4. e3 a6 5. Bxc4 b5 6. Bd3 c5 7. dxc5 Nc6 8. Nc3 e6 9. O-O Bxc5 10. e4 Nb4 11. Bb1 Qxd1 12. Rxd1 Bb7 13. a3 Nc6 14. e5 Nd7 15. Bf4 Be7 16. Ne4 Rd8 17. Bc2 O-O 18. Bg5 h6 19. Nd6 Ba8 20. Bxe7 Nxe7 21. Be4 Bxe4 22. Nxe4 Nc6 23. b4 Ndxe5 24. Nxe5 Rxd1+ 25. Rxd1 Nxe5 26. Rd6 Ra8 27. Kf1 Nc4 28. Rd3 a5 29. bxa5 Rxa5 30. Rd8+ Kh7 31. Rb8 Nxa3 32. Nd6 Ra4 33. Nxf7 Rb4 34. g4 Kg6 35. Ne5+ Kf6 36. Nd7+ Ke7 37. Ne5 Kd6 38. Nf7+ Kc7 39. Re8 Kd7 40. Rb8 Nc4 41. Rb7+ Ke8 42. g5 Rb1+ 43. Ke2 b4 44. Kd3 Na5 45. Ra7 Rd1+ 46. Kc2 Rd5 47. Nd6+ Kf8 48. gxh6 gxh6 49. Ne4 Rf5 50. f3 Rh5 51. h4 Nc6 52. Ra6 Nd4+ 53. Kd3 Rd5 54. Nf6 Rd8 55. Ke4 Kf7 56. Ng4 h5 57. Ra7+ Kf8 58. Nf6 Nc6 1/2-1/2

[Event "Herzliya"]
[Site "Herzliya"]
[Date "1993.??.??"]
[Round "4"]
[White "Zilberman, Yaacov"]
[Black "Afek, Yochanan"]
[Result "1-0"]
[WhiteElo "2375"]
[BlackElo "2430"]
[PlyCount "127"]
[EventDate "1993.11.??"]
[Source "ChessBase"]

1. Nf3 Nf6 2. d4 d5 3. c4 dxc4 4. e3 c5 5. Bxc4 cxd4 6. exd4 e6 7. O-O Be7 8. Qe2 O-O 9. Nc3 Nc6 10. Rd1 Nb4 11. Ne5 a6 12. Bb3 Nbd5 13. Bg5 Qd6 14. Qf3 Nd7 15. Nc4 Qb8 16. Nxd5 Bxg5 17. Ndb6 Ra7 18. d5 Nxb6 19. Nxb6 exd5 20. Qxd5 Bf6 21. Rac1 Bg4 22. Rd2 Qd8 23. Nd7 Bxd7 24. Qxd7 b5 25. Bxf7+ Kh8 26. Qxd8 Bxd8 27. Rc8 Be7 28. Rdc2 Rd7 29. g3 g6 30. Be6 Rd6 31. Rxf8+ Bxf8 32. Rc8 Kg7 33. Rc7+ Kf6 34. Bg8 Be7 35. h4 h5 36. Ra7 Bd8 37. Kg2 a5 38. f4 Rd2+ 39. Kh3 Rxb2 40. Bd5 Be7 41. Rxa5 Bc5 42. Ra6+ Kg7 43. Be4 Bg1 44. g4 Rb4 45. Rxg6+ Kf7 46. gxh5 Rxe4 47. Rxg1 Rxf4 48. h6 Rf6 49. h7 Rh6 50. Rc1 Kg7 51. Rc7+ Kh8 52. Kg4 Ra6 53. Rc2 Kxh7 54. Kf5 Ra4 55. Rh2 Rb4 56. Ke5 Rb1 57. Kd4 b4 58. Kc4 Kg6 59. h5+ Kh6 60. Kb5 Kg7 61. h6+ Kh7 62. Kc4 Kg8 63. h7+ Kh8 64. Kb5 1-0

[Event "Budapest FS06 GM"]
[Site "Budapest"]
[Date "1998.06.07"]
[Round "2"]
[White "Vadasz, Laszlo"]
[Black "Rabinovich, Alexander"]
[Result "1/2-1/2"]
[WhiteElo "2380"]
[BlackElo "2425"]
[PlyCount "30"]
[EventDate "1998.06.??"]
[Source "www.chesslib.no"]
[SourceDate "2004.05.04"]

1. Nf3 d5 2. d4 Nf6 3. c4 dxc4 4. e3 b5 5. a4 b4 6. Bxc4 e6 7. Nbd2 Bb7 8. O-O Be7 9. Qe2 O-O 10. e4 c5 11. dxc5 Nbd7 12. e5 Nd5 13. Ne4 Nxc5 14. Nxc5 Bxc5 15. Bd3 Qd7 1/2-1/2

[Event "ch-ROU"]
[Site "Cluj ROU"]
[Date "2008.02.28"]
[Round "5"]
[White "Grigore, Ge"]
[Black "Taras, I."]
[Result "1-0"]
[WhiteElo "2532"]
[BlackElo "2269"]
[PlyCount "53"]
[EventDate "2008.02.25"]
[Source "www.chesslib.no"]
[SourceDate "2004.05.04"]

1. d4 d5 2. c4 dxc4 3. Nf3 c6 4. e3 Be6 5. Nc3 Nf6 6. Ng5 Bg4 7. f3 Bh5 8. Bxc4 e6 9. O-O Be7 10. Nh3 O-O 11. Nf4 Bg6 12. Bxe6 fxe6 13. Nxe6 Qd7 14. Nxf8 Bxf8 15. e4 c5 16. d5 Bd6 17. Be3 Qe7 18. Nb5 Nbd7 19. Nxd6 Qxd6 20. Rc1 b6 21. Qd2 Re8 22. Bf4 Qe7 23. h3 h6 24. Bh2 Bf7 25. Rfe1 Kh8 26. b3 Ne5 27. f4 1-0

[Event "Dubai Asian Cities"]
[Site "Dubai"]
[Date "1992.??.??"]
[Round "7"]
[White "Mishra, Neeraj Kumar"]
[Black "Ardiansyah, Haji"]
[Result "1/2-1/2"]
[WhiteElo "2335"]
[BlackElo "2460"]
[PlyCount "74"]
[EventDate "1992.??.??"]
[Source "ChessBase"]

1. d4 d5 2. c4 dxc4 3. Nf3 Nf6 4. e3 a6 5. Bxc4 b5 6. Bb3 Bb7 7. O-O e6 8. Qe2 Nbd7 9. Nc3 Bd6 10. e4 b4 11. e5 bxc3 12. bxc3 O-O 13. exd6 cxd6 14. Ba3 Ne4 15. Rac1 Qa5 16. Bb4 Qh5 17. Rfe1 a5 18. Ba3 a4 19. Bd1 Rfc8 20. Qd3 f5 21. Nd2 Qf7 22. Nxe4 Bxe4 23. Qe2 e5 24. f3 Bd5 25. Bxd6 exd4 26. Qd2 dxc3 27. Rxc3 Rxc3 28. Qxc3 Bxa2 29. Bxa4 Nf6 30. Bc2 Nd5 31. Qd4 Re8 32. Rxe8+ Qxe8 33. Be5 Nb4 34. Qb2 Qe6 35. Ba4 h6 36. Qd4 Nd3 37. Qxd3 Qxe5 1/2-1/2

[Event "Hamburg op"]
[Site "Hamburg"]
[Date "1981.??.??"]
[Round "11"]
[White "McCambridge, Vincent"]
[Black "Kirov, Nino"]
[Result "1/2-1/2"]
[WhiteElo "2350"]
[BlackElo "2430"]
[PlyCount "46"]
[EventDate "1981.07.??"]
[Source "ChessBase"]

1. d4 d5 2. c4 c6 3. Nf3 Nf6 4. Nc3 dxc4 5. e3 Be6 6. Ng5 Bd5 7. e4 h6 8. exd5 hxg5 9. dxc6 Nxc6 10. d5 Ne5 11. Bxg5 a6 12. Qd4 Qc7 13. Bf4 Nfd7 14. Bxc4 g5 15. Bg3 Bg7 16. Be2 f5 17. Bxe5 Bxe5 18. Qd3 Rc8 19. Rc1 Rf8 20. g3 Nc5 21. Bh5+ Kd8 22. Qe2 g4 23. O-O Qd6 1/2-1/2

[Event "Budapest FS10 GM"]
[Site "Budapest"]
[Date "1999.10.12"]
[Round "11"]
[White "Lengyel, Levente"]
[Black "Narciso Dublan, Marc"]
[Result "1/2-1/2"]
[WhiteElo "2312"]
[BlackElo "2447"]
[PlyCount "90"]
[EventDate "1999.10.02"]
[Source "www.chesslib.no"]
[SourceDate "2004.05.04"]

1. Nf3 d5 2. d4 Nf6 3. c4 dxc4 4. e3 a6 5. Bxc4 b5 6. Be2 Bb7 7. a4 b4 8. b3 e6 9. Bb2 Nbd7 10. O-O Be7 11. Nbd2 O-O 12. Nc4 c5 13. Nfe5 cxd4 14. exd4 Rc8 15. Rc1 Rc7 16. Bf3 Bxf3 17. Qxf3 Nd5 18. Nxd7 Qxd7 19. Ne5 Qc8 20. Rxc7 Qxc7 21. Rc1 Qb7 22. Rc4 Bd6 23. g3 Bxe5 24. dxe5 Rd8 25. h3 h6 26. Kh2 Qe7 27. h4 Qd7 28. Qe4 a5 29. Bd4 h5 30. Kg2 Qb7 31. Kh2 Qa6 32. Qf3 g6 33. Qe4 Kg7 34. Bc5 Rc8 35. Qd4 Kg8 36. Ba7 Nc3 37. Rxc8+ Qxc8 38. Bb6 Nd5 39. Bxa5 Qc2 40. Bxb4 Nxb4 41. Qxb4 Qxf2+ 42. Kh1 Qxg3 43. a5 Qxe5 44. Qb6 Qe4+ 45. Kg1 Qg4+ 1/2-1/2

[Event "Los Angeles"]
[Site "Los Angeles"]
[Date "2003.08.26"]
[Round "9"]
[White "Ambarcumjan, Armen"]
[Black "Kretchetov, Alexandre"]
[Result "1/2-1/2"]
[WhiteElo "2424"]
[BlackElo "2335"]
[PlyCount "31"]
[EventDate "2003.08.18"]
[Source "ChessBase"]
[SourceDate "2003.11.11"]

1. d4 d5 2. c4 dxc4 3. Nf3 Nf6 4. e3 a6 5. Bxc4 c5 6. O-O Nc6 7. a4 e6 8. dxc5 Qxd1 9. Rxd1 Bxc5 10. Nc3 O-O 11. b3 b6 12. Bb2 Bb7 13. h3 Rfd8 14. Rxd8+ Rxd8 15. Rd1 Rxd1+ 16. Nxd1 1/2-1/2

[Event "Budapest FS05 IM"]
[Site "Budapest"]
[Date "2000.05.10"]
[Round "5"]
[White "Froehlich, Peter"]
[Black "Nemeth, Zoltan"]
[Result "1/2-1/2"]
[WhiteElo "2375"]
[BlackElo "2379"]
[PlyCount "35"]
[EventDate "2000.05.06"]
[Source "ChessBase"]
[SourceDate "2000.07.11"]

1. Nf3 d5 2. d4 Nf6 3. c4 dxc4 4. e3 a6 5. Bxc4 b5 6. Bd3 Bb7 7. a4 bxa4 8. Nc3 e6 9. Nxa4 Nbd7 10. O-O Be7 11. Bd2 O-O 12. Ba5 e5 13. Nxe5 Nxe5 14. dxe5 Qd5 15. Qf3 Qxa5 16. Qxb7 Qxe5 17. g3 a5 18. Rfd1 1/2-1/2

[Event "Moscow RUS"]
[Site "?"]
[Date "2002.??.??"]
[Round "3"]
[White "Krush Irina"]
[Black "Dvalishvili Pavel S"]
[Result "1/2-1/2"]
[WhiteElo "2380"]
[BlackElo "2374"]
[PlyCount "24"]
[EventDate "2002.??.??"]
[Source "www.chesslib.no"]
[SourceDate "2004.05.04"]

1. d4 d5 2. Nf3 Nf6 3. c4 dxc4 4. e3 a6 5. Bxc4 b5 6. Bb3 e6 7. a4 b4 8. Nbd2 Bb7 9. O-O c5 10. e4 Be7 11. e5 Nfd7 12. Nc4 O-O 1/2-1/2

[Event "Belavenets Memorial Open"]
[Site "Smolensk RUS"]
[Date "1991.??.??"]
[Round "?"]
[White "Aleksandrov, Aleksej"]
[Black "Donchenko, Anatoly G"]
[Result "1-0"]
[WhiteElo "2370"]
[BlackElo "2370"]
[PlyCount "91"]
[EventDate "1991.??.??"]
[Source "www.chesslib.no"]
[SourceDate "2004.05.04"]

1. d4 d5 2. c4 dxc4 3. e3 Nf6 4. Nf3 e5 5. Nbd2 Nbd7 6. Nxc4 Be7 7. Bd3 c5 8. O-O O-O 9. Qe2 cxd4 10. exd4 Nb6 11. Ncxe5 Nbd5 12. Bd2 Bd7 13. Ng5 h6 14. Ne4 Bc6 15. Nxc6 bxc6 16. Nc5 Rb8 17. Nb3 Bb4 18. Rac1 Qb6 19. Bxb4 Nxb4 20. Bb1 Qb5 21. Qd2 Rfd8 22. f4 Rd5 23. Rc5 Rxc5 24. dxc5 Nbd5 25. Bd3 Qa4 26. Bc2 Kf8 27. Bb1 Qb4 28. Qxb4 Rxb4 29. g3 Ke7 30. Rf2 g5 31. fxg5 hxg5 32. Na5 Kd7 33. a3 Ra4 34. Nb7 Rd4 35. Bc2 Kc7 36. Na5 Kd7 37. b4 Ng4 38. Rxf7+ Kc8 39. Rf8+ Kd7 40. Rf7+ Kc8 41. Nxc6 Rd2 42. Nxa7+ Kd8 43. Nc6+ Kc8 44. Bb3 Nc7 45. b5 Rb2 46. Rf8+ 1-0

[Event "300 Years"]
[Site "St Petersburg"]
[Date "2003.10.20"]
[Round "3"]
[White "Kiselev, Sergey"]
[Black "Korbut, Ekaterina"]
[Result "1-0"]
[WhiteElo "2415"]
[BlackElo "2317"]
[PlyCount "127"]
[EventDate "2003.10.18"]
[Source "Roberto Alvarez"]
[SourceDate "2003.10.27"]

1. d4 d5 2. c4 dxc4 3. Nf3 Nf6 4. e3 a6 5. Bxc4 b5 6. Bb3 e6 7. O-O Bb7 8. a4 b4 9. Nbd2 c5 10. e4 cxd4 11. e5 Nfd7 12. Nc4 h6 13. Qxd4 Nc5 14. Qxd8+ Kxd8 15. Bd1 Nbd7 16. Be3 Rc8 17. Be2 Bd5 18. Nfd2 Be7 19. a5 Rc6 20. Bd4 f6 21. Rac1 Bxc4 22. Rxc4 fxe5 23. Be3 Kc7 24. Rfc1 Rb8 25. Bf3 Rb5 26. Nb3 Bd6 27. h4 h5 28. g3 g6 29. Be4 Bf8 30. f4 exf4 31. Bxc6 Kxc6 32. Nd4+ Kd5 33. Nxb5 fxe3 34. Nc7+ Ke5 35. Kg2 Nd3 36. Kf3 Nxc1 37. Rxc1 Nc5 38. Rc4 Nb3 39. Re4+ Kd6 40. Ne8+ Kc6 41. Rxe3 Nc5 42. Ke2 Bh6 43. Rf3 Bc1 44. b3 Bb2 45. Kd1 Be5 46. Nf6 Bc7 47. Re3 Bxa5 48. Ne4 Bc7 49. Nxc5 Kxc5 50. Rxe6 Bxg3 51. Rxg6 Bxh4 52. Rh6 Be7 53. Rxh5+ Kb6 54. Kc2 Bf8 55. Kd3 Be7 56. Kc4 Bf8 57. Rh8 Be7 58. Rh6+ Ka5 59. Rg6 Bf8 60. Re6 Bd6 61. Kd5 Bg3 62. Kc6 Bf4 63. Rf6 Be5 64. Rf2 1-0

[Event "It (open)"]
[Site "?"]
[Date "2005.09.14"]
[Round "6"]
[White "Jedlicka Ales"]
[Black "Velicka Petr"]
[Result "1/2-1/2"]
[WhiteElo "2288"]
[BlackElo "2441"]
[PlyCount "68"]
[EventDate "2005.??.??"]
[Source "www.chesslib.no"]
[SourceDate "2004.05.04"]

1. d4 d5 2. c4 dxc4 3. Nf3 Nf6 4. e3 a6 5. Bxc4 c5 6. Bb3 Nc6 7. O-O Bg4 8. dxc5 Qxd1 9. Bxd1 e5 10. a3 Bxc5 11. b4 Bd6 12. Bb2 Ke7 13. Nbd2 b5 14. Be2 h6 15. Rfd1 Rhd8 16. Rac1 Rac8 17. Kf1 Be6 18. a4 Bxb4 19. axb5 axb5 20. Bxb5 Na7 21. Rxc8 Bxc8 22. Be2 Nc6 23. Nc4 Rxd1+ 24. Bxd1 Ba6 25. Be2 Bxc4 26. Bxc4 e4 27. Nh4 g6 28. Bxf6+ Kxf6 29. Bd5 g5 30. Bxc6 gxh4 31. Bxe4 Ke5 32. Bc2 f5 33. Ke2 f4 34. e4 Bc5 1/2-1/2

[Event "Buenos Aires ARG, American Ch 05"]
[Site "?"]
[Date "2005.08.11"]
[Round "6"]
[White "Liascovich Lucas"]
[Black "Mazziotti Irigoyen Gabriel"]
[Result "1-0"]
[WhiteElo "2432"]
[BlackElo "2293"]
[PlyCount "74"]
[EventDate "2005.??.??"]
[Source "www.chesslib.no"]
[SourceDate "2004.05.04"]

1. d4 d5 2. c4 dxc4 3. Nf3 Nf6 4. e3 a6 5. Bxc4 b5 6. Bd3 Bb7 7. a4 b4 8. O-O e6 9. Qe2 c5 10. dxc5 Bxc5 11. e4 Nc6 12. Nbd2 Ng4 13. Nb3 Bb6 14. Bf4 e5 15. Bg5 Qd7 16. h3 h6 17. Bh4 Nf6 18. Bxf6 gxf6 19. Rfd1 Rg8 20. Kh1 f5 21. a5 Nd4 22. Nbxd4 Bxd4 23. exf5 O-O-O 24. Bxa6 Kb8 25. Bxb7 Qxb7 26. a6 Qd5 27. Ra4 b3 28. Qf1 Qc5 29. Rc4 Qb6 30. Nxd4 exd4 31. Qe1 Rge8 32. Qd2 Ka7 33. Rb4 Qc5 34. Rxb3 Qxf5 35. Qxh6 Re6 36. Qd2 Rxa6 37. Qb4 Qe4 1-0